Les plus grandes villes du bassin de la Gironde sur une carte - Statistiques

Statistiques générales
  • Ce quiz a été pris 992 fois
  • Le résultat moyen est 10 sur 15
Réponses sur la Carte
Les réponses sont colorées sur une échelle allant du rouge au vert en fonction du pourcentage des utilisateurs qui les ont devinées à leur premier essai. Vous pouvez retrouver ces pourcentages ci-dessous.
 
Statistiques - réponses
Population (2020) Agglomération % Correct
994 920 Bordeaux
100%
1 047 829 Toulouse
97%
80 263 Agen
77%
80 503 Montauban
77%
65 046 Périgueux
77%
73 260 Albi
74%
47 933 Rodez
66%
75 374 Brive-la-Gaillarde
64%
36 564 Libourne
61%
64 187 Bergerac
60%
57 571 Castres
60%
39 674 Royan
60%
33 285 Aurillac
51%
48 391 Villeneuve-sur-Lot
39%
29 695 Pamiers
38%
Aucun quiz correspondant
Distribution des résultats
% des personnes avec chaque résultat
Percentile par nombre de réponses
Votre historique - résultats
Vous n’avez pas pris ce quiz